[Event "Brasschaat op 14th"]
[Site "Brasschaat"]
[Date "2014.08.20"]
[Round "5"]
[White "Du Pont, David"]
[Black "Cuypers, Dries"]
[Result "1-0"]
[WhiteElo "2073"]
[BlackElo "1855"]
[PlyCount "65"]
[EventDate "2014.08.16"]
[EventType "swiss"]
[EventRounds "9"]
[EventCountry "BEL"]
[SourceTitle "CBM 161 Extra"]
[Source "ChessBase"]
[SourceDate "2014.08.29"]
[SourceVersion "1"]
[SourceVersionDate "2014.08.29"]
[SourceQuality "1"]

1. d4 Nf6 2. Nf3 d5 3. c4 c6 4. Qc2 g6 5. Bf4 Bf5 6. Qb3 Qb6 7. c5 Qxb3 8. axb3 Bxb1 9. Rxb1 Nh5 10. Bc7 Nd7 11. h3 f6 12. b4 a6 13. e3 Rc8 14. Bh2 e6 15. Be2 Ng7 16. 0-0 Be7 17. Nd2 Bd8 18. e4 Bc7 19. f3 Bxh2+ 20. Kxh2 f5 21. Rbe1 0-0 22. Bd3 Rce8 23. g4 f4 24. h4 Nf6 25. Kh3 Kf7 26. Re2 h6 27. Rfe1 Nd7 28. Nb3 Rb8 29. exd5 cxd5 30. b5 axb5 31. Bxb5 Rfd8 32. Na5 Ra8 33. Nxb7 1-0

[Event "BEL-ch op"]
[Site "Antwerp"]
[Date "2013.07.09"]
[Round "4"]
[White "Oudewaal, Vincent"]
[Black "Cuypers, Dries"]
[Result "1-0"]
[WhiteElo "2052"]
[BlackElo "1849"]
[PlyCount "49"]
[EventDate "2013.07.06"]
[EventType "swiss"]
[EventRounds "9"]
[EventCountry "BEL"]
[SourceTitle "CBM 155 Extra"]
[Source "ChessBase"]
[SourceDate "2013.08.26"]
[SourceVersion "1"]
[SourceVersionDate "2013.08.26"]
[SourceQuality "1"]

1. c4 c5 2. Nf3 Nc6 3. Nc3 g6 4. e4 Bg7 5. Be2 d6 6. 0-0 e6 7. d3 Nge7 8. Be3 Nd4 9. Qd2 h6 10. Rab1 a5 11. Rfc1 Bd7 12. Bd1 Nec6 13. a3 Nxf3+ 14. Bxf3 Nd4 15. Bd1 a4 16. Ne2 g5 17. Bxd4 cxd4 18. f4 gxf4 19. Qxf4 Be5 20. Qf2 Qg5 21. Nxd4 Bf4 22. Nf3 Qg7 23. Rc2 h5 24. Qh4 Bc6 25. Qxf4 1-0

[Event "Ghent Taminco op 34th"]
[Site "Ghent"]
[Date "2011.07.16"]
[Round "1"]
[White "Leenhouts, Koen"]
[Black "Cuypers, Dries"]
[Result "1-0"]
[WhiteElo "2397"]
[BlackElo "1860"]
[PlyCount "51"]
[EventDate "2011.07.16"]
[EventType "swiss"]
[EventRounds "9"]
[EventCountry "BEL"]
[SourceTitle "CBM 143 Extra"]
[Source "ChessBase"]
[SourceDate "2011.08.29"]
[SourceVersion "1"]
[SourceVersionDate "2011.08.29"]
[SourceQuality "1"]

1. e4 c5 2. Nf3 Nc6 3. d4 cxd4 4. Nxd4 Nf6 5. Nc3 g6 6. Nxc6 dxc6 7. Qxd8+ Kxd8 8. Bc4 Ke8 9. a4 e5 10. 0-0 Be6 11. Bxe6 fxe6 12. Bg5 Nd7 13. Rad1 h6 14. Bh4 Be7 15. Bg3 Bc5 16. Nb1 Bb6 17. Nd2 Ke7 18. Nf3 Bc7 19. Rd2 g5 20. Rfd1 Rad8 21. b4 a6 22. a5 Rhg8 23. h3 Nf6 24. Bxe5 Nxe4 25. Bxc7 Rxd2 26. Nxd2 1-0

[Event "BEL-ch op"]
[Site "Westerlo"]
[Date "2010.07.03"]
[Round "1"]
[White "Van den Brande, Werner"]
[Black "Cuypers, Dries"]
[Result "1-0"]
[WhiteElo "2262"]
[BlackElo "1844"]
[PlyCount "69"]
[EventDate "2010.07.03"]
[EventType "swiss"]
[EventRounds "9"]
[EventCountry "BEL"]
[SourceTitle "CBM 137 Extra"]
[Source "ChessBase"]
[SourceDate "2010.09.01"]
[SourceVersion "1"]
[SourceVersionDate "2010.09.01"]
[SourceQuality "1"]

1. e4 c5 2. Nf3 Nc6 3. Bb5 Nf6 4. Nc3 Nd4 5. e5 Nxb5 6. Nxb5 Nd5 7. Ng5 e6 8. Ne4 f5 9. exf6 Nxf6 10. Nxf6+ Qxf6 11. Nc7+ Kd8 12. Nxa8 Qe5+ 13. Qe2 Qb8 14. Nb6 axb6 15. d3 Be7 16. Bd2 d5 17. 0-0 Bf6 18. Bc3 d4 19. Bd2 Qd6 20. c4 h5 21. b4 g5 22. bxc5 bxc5 23. Rab1 g4 24. Ba5+ Ke7 25. Rb6 Qf4 26. Rb5 Qf5 27. Rfb1 Kf7 28. Bc7 Be7 29. Be5 Rf8 30. Re1 Kg6 31. Qe4 Qxe4 32. Rxe4 Rf7 33. Bg3 Bd7 34. Rxb7 Bc6 35. Rxe6+ 1-0